[Event "OP-2020-0-04953"]
[Site "LSS email"]
[Date "2020.04.02"]
[Round "?"]
[White "Buzzi, Stefano"]
[Black "Schleef, Harald"]
[Result "0-1"]
[WhiteElo "759"]
[BlackElo "2005"]
[PlyCount "36"]
[EventDate "2020.03.29"]
[EventType "tourn (corr)"]
[EventRounds "4"]
[EventCountry "GER"]
[SourceTitle "Corr 2022"]
[Source "ChessBase"]
[SourceDate "2021.10.24"]
[SourceVersion "1"]
[SourceVersionDate "2021.10.24"]
[SourceQuality "1"]

1. e4 c5 2. Bb5 a6 3. Bc4 e6 4. Nf3 d5 5. exd5 exd5 6. Bb3 c4 7. Ba4+ b5 8. Bxb5+ axb5 9. d3 Nf6 10. Bg5 Bb4+ 11. c3 Qe7+ 12. Kd2 Bd6 13. Bxf6 Bf4+ 14. Kc2 Qxf6 15. Nd4 0-0 16. dxc4 dxc4 17. Nxb5 Qg6+ 18. Qd3 Qxd3# 0-1

[Event "OP-2020-0-04953"]
[Site "LSS email"]
[Date "2020.04.02"]
[Round "?"]
[White "Knittel, Martin"]
[Black "Buzzi, Stefano"]
[Result "0-1"]
[WhiteElo "1863"]
[BlackElo "759"]
[PlyCount "20"]
[EventDate "2020.03.29"]
[EventType "tourn (corr)"]
[EventRounds "4"]
[EventCountry "GER"]
[SourceTitle "Corr 2022"]
[Source "ChessBase"]
[SourceDate "2021.10.24"]
[SourceVersion "1"]
[SourceVersionDate "2021.10.24"]
[SourceQuality "1"]

1. e4 e5 2. Nf3 Nc6 3. Bb5 d6 4. d4 Bd7 5. Bxc6 Bxc6 6. Nc3 Nf6 7. Qd3 exd4 8. Nxd4 Bd7 9. Bf4 Bg4 10. f3 Qe7 0-1

[Event "OP-2020-0-04953"]
[Site "LSS email"]
[Date "2020.04.02"]
[Round "?"]
[White "Van Bommel, Ton"]
[Black "Buzzi, Stefano"]
[Result "1-0"]
[WhiteElo "2114"]
[BlackElo "759"]
[PlyCount "33"]
[EventDate "2020.03.29"]
[EventType "tourn (corr)"]
[EventRounds "4"]
[EventCountry "GER"]
[SourceTitle "Corr 2022"]
[Source "ChessBase"]
[SourceDate "2021.10.24"]
[SourceVersion "1"]
[SourceVersionDate "2021.10.24"]
[SourceQuality "1"]

1. d4 d5 2. c4 e6 3. Nc3 Nf6 4. Nf3 dxc4 5. e4 Bb4 6. Bg5 Bxc3+ 7. bxc3 h6 8. Bh4 Qd6 9. e5 Qa3 10. exf6 gxf6 11. Qd2 f5 12. Bxc4 Rg8 13. 0-0 Rg6 14. Ne5 Rg7 15. Qxh6 Rg8 16. Qf6 Qf8 17. Qd8# 1-0

[Event "RN-2011-0-00383"]
[Site "LSS email"]
[Date "2011.05.29"]
[Round "?"]
[White "Buzzi, Stefano"]
[Black "Wallerstorfer, Josef"]
[Result "0-1"]
[WhiteElo "435"]
[BlackElo "779"]
[PlyCount "38"]
[EventDate "2011.05.12"]
[EventType "tourn (corr)"]
[EventRounds "6"]
[EventCountry "GER"]
[SourceTitle "Telechess CBM 151"]
[Source "ChessBase"]
[SourceDate "2012.11.13"]
[SourceVersion "1"]
[SourceVersionDate "2012.11.13"]
[SourceQuality "1"]

1. e4 e5 2. Nf3 d6 3. Nc3 Nf6 4. d3 h6 5. Nh4 Nxe4 6. dxe4 Qxh4 7. Bb5+ c6 8. Bc4 Qf6 9. 0-0 Be7 10. Qd3 0-0 11. Ne2 Nd7 12. Ng3 Nc5 13. Nf5 Nxd3 14. cxd3 Bxf5 15. Be3 Be6 16. b3 Bg4 17. a4 Qg6 18. Rfe1 Bf3 19. Kf1 Qxg2# 0-1

[Event "RN-2011-0-00383"]
[Site "LSS email"]
[Date "2011.05.29"]
[Round "?"]
[White "Hernandez, Lis"]
[Black "Buzzi, Stefano"]
[Result "1-0"]
[WhiteElo "923"]
[BlackElo "435"]
[PlyCount "37"]
[EventDate "2011.05.12"]
[EventType "tourn (corr)"]
[EventRounds "6"]
[EventCountry "GER"]
[SourceTitle "Telechess CBM 151"]
[Source "ChessBase"]
[SourceDate "2012.11.13"]
[SourceVersion "1"]
[SourceVersionDate "2012.11.13"]
[SourceQuality "1"]

1. e4 e5 2. Nf3 Nf6 3. Nxe5 Bd6 4. d4 0-0 5. Bc4 Nxe4 6. 0-0 Qh4 7. Nd2 Bb4 8. c3 Bd6 9. Nxe4 Qxe4 10. Re1 Qh4 11. Re3 Bxe5 12. Rxe5 d6 13. Rh5 Qe4 14. Bd3 Qh4 15. Rxh4 Be6 16. Bxh7+ Kh8 17. Bf5+ Kg8 18. Qh5 g6 19. Qh7# 1-0

[Event "RN-2011-0-00383"]
[Site "LSS email"]
[Date "2011.05.29"]
[Round "?"]
[White "Lauer, Fredric"]
[Black "Buzzi, Stefano"]
[Result "1-0"]
[WhiteElo "925"]
[BlackElo "435"]
[PlyCount "37"]
[EventDate "2011.05.12"]
[EventType "tourn (corr)"]
[EventRounds "6"]
[EventCountry "GER"]
[SourceTitle "Telechess CBM 151"]
[Source "ChessBase"]
[SourceDate "2012.11.13"]
[SourceVersion "1"]
[SourceVersionDate "2012.11.13"]
[SourceQuality "1"]

1. e4 Nf6 2. e5 Ne4 3. d4 e6 4. g3 Bb4+ 5. c3 Ba5 6. Bg2 Nxc3 7. Nxc3 Nc6 8. Nge2 Bb6 9. Be3 d5 10. 0-0 0-0 11. Rc1 Bd7 12. a3 Na5 13. b4 Nb3 14. Qxb3 a5 15. b5 c6 16. a4 Qc8 17. Na2 c5 18. dxc5 Bxc5 19. Bxc5 1-0

[Event "RN-2011-0-00383"]
[Site "LSS email"]
[Date "2011.05.29"]
[Round "?"]
[White "Lykhomano, Romano"]
[Black "Buzzi, Stefano"]
[Result "1-0"]
[WhiteElo "1589"]
[BlackElo "435"]
[PlyCount "43"]
[EventDate "2011.05.12"]
[EventType "tourn (corr)"]
[EventRounds "6"]
[EventCountry "GER"]
[SourceTitle "Telechess CBM 151"]
[Source "ChessBase"]
[SourceDate "2012.11.13"]
[SourceVersion "1"]
[SourceVersionDate "2012.11.13"]
[SourceQuality "1"]

1. d4 Nc6 2. c4 e6 3. Nf3 d5 4. Bf4 dxc4 5. Nc3 Nf6 6. e3 Bb4 7. Bxc4 Bd6 8. Bxd6 Qxd6 9. 0-0 0-0 10. Qc2 Ng4 11. a3 e5 12. h3 exd4 13. hxg4 Bxg4 14. Nxd4 Nxd4 15. exd4 Qxd4 16. Bd3 Qf6 17. Bxh7+ Kh8 18. Be4 Qh6 19. f3 Bh5 20. Kf2 Rae8 21. Rae1 c5 22. Rh1 1-0

[Event "LSS RN-2010-0-00336"]
[Site "LSS email"]
[Date "2010.12.06"]
[Round "?"]
[White "Buzzi, Stefano"]
[Black "Bester, Kazimierz"]
[Result "0-1"]
[WhiteElo "479"]
[BlackElo "730"]
[PlyCount "72"]
[EventDate "2010.11.10"]
[EventType "tourn (corr)"]
[EventRounds "6"]
[EventCountry "GER"]
[SourceTitle "Telechess CBM 143"]
[Source "ChessBase"]
[SourceDate "2011.07.15"]
[SourceVersion "1"]
[SourceVersionDate "2011.07.15"]
[SourceQuality "1"]

1. e4 d5 2. Nc3 d4 3. Nd5 e6 4. Nf4 Nf6 5. d3 e5 6. Nd5 Nxd5 7. exd5 Qxd5 8. Nf3 e4 9. dxe4 Qxe4+ 10. Be2 Bc5 11. 0-0 0-0 12. Bd3 Qc6 13. Ng5 g6 14. c3 dxc3 15. bxc3 Nd7 16. Bc4 Bxf2+ 17. Rxf2 Qxc4 18. Qd2 Ne5 19. Rf4 Qc5+ 20. Kh1 Bd7 21. a4 Bc6 22. Nh3 Rad8 23. Qe2 Nd3 24. Be3 Qxc3 25. Rd1 Nxf4 26. Bxf4 Rxd1+ 27. Qxd1 Qxh3 28. Qf1 Re8 29. Kg1 Qc3 30. Bg3 Bxa4 31. Bf2 Rd8 32. Be1 Qc1 33. Qf2 Re8 34. Kf1 Bb5+ 35. Kg1 Rxe1+ 36. Qxe1 Qxe1# 0-1

[Event "LSS RN-2010-0-00336"]
[Site "LSS email"]
[Date "2010.12.06"]
[Round "?"]
[White "Buzzi, Stefano"]
[Black "Martin, Hector Eduardo Lope"]
[Result "0-1"]
[WhiteElo "947"]
[BlackElo "927"]
[PlyCount "58"]
[EventDate "2010.11.10"]
[EventType "tourn (corr)"]
[EventRounds "6"]
[EventCountry "GER"]
[SourceTitle "Corr 2022"]
[Source "ChessBase"]
[SourceDate "2021.10.24"]
[SourceVersion "1"]
[SourceVersionDate "2021.10.24"]
[SourceQuality "1"]

1. e4 e5 2. Nf3 Nc6 3. Nc3 Nf6 4. Bc4 Bc5 5. 0-0 Nd4 6. Nxe5 0-0 7. d3 d6 8. Nf3 Nxf3+ 9. Qxf3 c6 10. a4 Ng4 11. Qg3 Be6 12. Bd2 Qf6 13. a5 b6 14. axb6 Bxb6 15. h3 Ne5 16. Bg5 Qg6 17. Qh4 Bd8 18. Bxd8 Raxd8 19. Rxa7 Nf3+ 20. Kh1 Nxh4 21. Rg1 Ra8 22. Ra2 Rxa2 23. Nxa2 Bxc4 24. dxc4 Qxe4 25. Nc3 Qxc2 26. Nd1 Qxc4 27. g3 Nf3 28. Rg2 Qf1+ 29. Rg1 Qxh3# 0-1

[Event "LSS No Engine Cup 29 Preliminary 7"]
[Site "LSS email"]
[Date "2010.10.13"]
[Round "?"]
[White "Loktayev, Vladislav"]
[Black "Buzzi, Stefano"]
[Result "1-0"]
[WhiteElo "1106"]
[BlackElo "470"]
[PlyCount "39"]
[EventDate "2010.10.14"]
[EventType "tourn (corr)"]
[EventRounds "6"]
[EventCountry "GER"]
[SourceTitle "Telechess CBM 145"]
[Source "Chessbase"]
[SourceDate "2011.11.11"]
[SourceVersion "1"]
[SourceVersionDate "2011.11.11"]
[SourceQuality "1"]

1. f4 Nc6 2. Nf3 d5 3. b3 Nf6 4. Bb2 e6 5. e3 Bc5 6. Bb5 a6 7. Bxc6+ bxc6 8. Ne5 0-0 9. Nxc6 Qd7 10. Bxf6 Qxc6 11. Qg4 g6 12. 0-0 d4 13. Rf3 e5 14. Qg5 Re8 15. Bxe5 Rb8 16. exd4 Rf8 17. dxc5 Qxc5+ 18. d4 Qd5 19. Qf6 Bg4 20. Qh8# 1-0

[Event "LSS No Engine Cup 29 Preliminary 7"]
[Site "LSS email"]
[Date "2010.10.13"]
[Round "?"]
[White "Steinert, Martin"]
[Black "Buzzi, Stefano"]
[Result "1-0"]
[WhiteElo "1011"]
[BlackElo "470"]
[PlyCount "25"]
[EventDate "2010.10.14"]
[EventType "tourn (corr)"]
[EventRounds "6"]
[EventCountry "GER"]
[SourceTitle "Corr 2015"]
[Source "ChessBase"]
[SourceDate "2015.07.17"]
[SourceVersion "1"]
[SourceVersionDate "2015.07.17"]
[SourceQuality "1"]

1. d4 Nc6 2. Nf3 d5 3. c4 dxc4 4. Nc3 Bg4 5. d5 Nb4 6. Qa4+ Qd7 7. Qxb4 0-0-0 8. Qxc4 Nf6 9. Ne5 Qd6 10. Nxg4 Nh5 11. Nb5 Qe5 12. Nxe5 f6 13. Qxc7# 1-0

[Event "CP-2010-P-00070"]
[Site "LSS email"]
[Date "2010.09.28"]
[Round "?"]
[White "Krakovsky, Peter"]
[Black "Buzzi, Stefano"]
[Result "1-0"]
[WhiteElo "1896"]
[BlackElo "491"]
[PlyCount "39"]
[EventDate "2010.10.01"]
[EventType "tourn (corr)"]
[EventRounds "6"]
[EventCountry "GER"]
[SourceTitle "Telechess CBM 143"]
[Source "ChessBase"]
[SourceDate "2011.07.15"]
[SourceVersion "1"]
[SourceVersionDate "2011.07.15"]
[SourceQuality "1"]

1. e4 e5 2. Nf3 Nc6 3. Bb5 a6 4. Ba4 Bc5 5. 0-0 Nf6 6. c3 0-0 7. d4 Bd6 8. Bxc6 bxc6 9. dxe5 Bxe5 10. Nxe5 Qe7 11. Ng4 Qxe4 12. Nxf6+ Kh8 13. Nxe4 d5 14. Nc5 Bf5 15. Qa4 Bc8 16. Nd2 a5 17. Qxc6 Rb8 18. Re1 Rd8 19. Qe8+ Rxe8 20. Rxe8# 1-0

[Event "ZN-2010-0-01152"]
[Site "LSS email"]
[Date "2010.09.08"]
[Round "?"]
[White "Buzzi, Stefano"]
[Black "Cortes, Jose"]
[Result "0-1"]
[WhiteElo "493"]
[BlackElo "982"]
[PlyCount "46"]
[EventDate "2010.09.05"]
[EventType "match (corr)"]
[EventRounds "2"]
[EventCountry "GER"]
[SourceTitle "Telechess CBM 143"]
[Source "ChessBase"]
[SourceDate "2011.07.15"]
[SourceVersion "1"]
[SourceVersionDate "2011.07.15"]
[SourceQuality "1"]

1. e4 e5 2. Nf3 Nf6 3. Nc3 Bb4 4. a3 Bxc3 5. bxc3 Nxe4 6. Nxe5 Qe7 7. d4 d6 8. Nf3 Nxc3+ 9. Qe2 Nxe2 10. Bxe2 0-0 11. Bg5 Qe4 12. Rc1 Re8 13. 0-0 Be6 14. Rfe1 Qg6 15. c3 Nd7 16. Rb1 h6 17. Bf4 Bg4 18. Nh4 Qh5 19. g3 Bxe2 20. Rb2 Bc4 21. Rb4 Rxe1+ 22. Kg2 Bf1+ 23. Kg1 Bh3# 0-1

[Event "OP-2010-0-01256"]
[Site "LSS email"]
[Date "2010.09.08"]
[Round "?"]
[White "Buzzi, Stefano"]
[Black "O'Brien, Glenn"]
[Result "1-0"]
[WhiteElo "516"]
[BlackElo "984"]
[PlyCount "39"]
[EventDate "2010.09.03"]
[EventType "tourn (corr)"]
[EventRounds "4"]
[EventCountry "GER"]
[SourceTitle "Telechess CBM 143"]
[Source "ChessBase"]
[SourceDate "2011.07.15"]
[SourceVersion "1"]
[SourceVersionDate "2011.07.15"]
[SourceQuality "1"]

1. e4 c5 2. Bc4 e6 3. Nf3 Nc6 4. d3 d5 5. b3 Bd7 6. Bb5 a6 7. Ba4 b5 8. Nc3 Nf6 9. 0-0 Bd6 10. e5 Be7 11. Bg5 0-0 12. Qd2 h6 13. Bf4 Nh5 14. Qe3 Nxf4 15. Qxf4 f6 16. exf6 gxf6 17. Qg4+ Kf7 18. Nh4 bxa4 19. bxa4 Rb8 20. Qg6# 1-0

[Event "LSS RN-2010-0-00302"]
[Site "LSS email"]
[Date "2010.07.18"]
[Round "?"]
[White "Buzzi, Stefano"]
[Black "Venturas, Bob"]
[Result "0-1"]
[WhiteElo "800"]
[BlackElo "676"]
[PlyCount "64"]
[EventDate "2010.06.19"]
[EventType "tourn (corr)"]
[EventRounds "6"]
[EventCountry "GER"]
[SourceTitle "Telechess CBM 143"]
[Source "ChessBase"]
[SourceDate "2011.07.15"]
[SourceVersion "1"]
[SourceVersionDate "2011.07.15"]
[SourceQuality "1"]

1. e4 e5 2. Nf3 Nc6 3. Bb5 d6 4. 0-0 Bd7 5. Nc3 a6 6. Bc4 h6 7. d4 exd4 8. Nxd4 Ne5 9. Bd5 c6 10. Bb3 Nf6 11. Bf4 Be7 12. a4 c5 13. Nf5 Bxf5 14. exf5 Nc6 15. Nd5 0-0 16. Ra3 Nd7 17. Bc4 Nf6 18. Re3 Re8 19. b3 Nd4 20. Qd3 Ng4 21. Rg3 Nf6 22. Be3 Nc6 23. Re1 Qa5 24. Ra1 Ne5 25. Qe2 Nxd5 26. Bxd5 Qc3 27. Rd1 Rab8 28. Bf4 Qb4 29. Bxe5 dxe5 30. Qxe5 Bh4 31. Qb2 Re1+ 32. Rxe1 Qxe1# 0-1

[Event "OP-2010-0-01159"]
[Site "LSS email"]
[Date "2010.05.24"]
[Round "?"]
[White "Mostowik, Pawel"]
[Black "Buzzi, Stefano"]
[Result "1-0"]
[WhiteElo "1960"]
[BlackElo "470"]
[PlyCount "71"]
[EventDate "2010.05.09"]
[EventType "tourn (corr)"]
[EventRounds "4"]
[EventCountry "GER"]
[SourceTitle "Telechess CBM 147"]
[Source "ChessBase"]
[SourceDate "2012.03.16"]
[SourceVersion "1"]
[SourceVersionDate "2012.03.16"]
[SourceQuality "1"]

1. e4 e5 2. Nf3 d6 3. d4 Nc6 4. Bb5 Bd7 5. d5 Nce7 6. Nc3 a5 7. 0-0 c6 8. dxc6 bxc6 9. Bc4 Nf6 10. Ng5 Qb8 11. Bxf7+ Kd8 12. Bb3 h6 13. Nf7+ Kc7 14. Qxd6+ Kc8 15. Qxb8+ Kxb8 16. Nxh8 c5 17. f4 Nc6 18. Ng6 Bd6 19. fxe5 Bxe5 20. Nxe5 Nxe5 21. Bf4 h5 22. Bxe5+ Kc8 23. Bxf6 Ra6 24. Bxg7 Re6 25. Bxe6 Bxe6 26. Rad1 Bc4 27. Rf8+ Kb7 28. Rd6 a4 29. Rf7+ Bxf7 30. Rd7+ Kc6 31. Rxf7 Kd6 32. Nd5 Kc6 33. c4 Kd6 34. Re7 Kc6 35. e5 h4 36. Rc7# 1-0

[Event "OP-2010-0-01159"]
[Site "LSS email"]
[Date "2010.05.14"]
[Round "?"]
[White "Buzzi, Stefano"]
[Black "Khramkov, Alexey Gennadievic"]
[Result "0-1"]
[WhiteElo "470"]
[BlackElo "1014"]
[PlyCount "30"]
[EventDate "2010.05.09"]
[EventType "tourn (corr)"]
[EventRounds "4"]
[EventCountry "GER"]
[SourceTitle "Corr 2015"]
[Source "ChessBase"]
[SourceDate "2015.07.17"]
[SourceVersion "1"]
[SourceVersionDate "2015.07.17"]
[SourceQuality "1"]

1. e4 e5 2. Nf3 Nc6 3. Nc3 Nf6 4. Bc4 Nxe4 5. Nxe4 d5 6. Bd3 dxe4 7. Bxe4 Bg4 8. Qe2 Nd4 9. Qd1 c6 10. c3 Nxf3+ 11. gxf3 f5 12. Bc2 Qd5 13. Rg1 Bxf3 14. Bb3 Qe4+ 15. Qe2 Qxe2# 0-1